|
|
|
|
| LEADER |
00000cam a2200000 a 4500 |
| 001 |
vtls009517089 |
| 003 |
SK-MaSNL |
| 005 |
20260311124943.0 |
| 008 |
250312s1949 xr p 000 0 cze |
| 035 |
|
|
|a urn:nbn:sk:snk-am3i508
|
| 035 |
|
|
|a urn:nbn:sk:snk-am00dkap
|
| 035 |
|
|
|a 0256A89B-4DAB-485A-9467-E85B47B0B701
|
| 035 |
|
|
|a urn:nbn:sk:snk-am00dktt
|
| 035 |
|
|
|a FA6194BC-A3A4-436C-8D24-A282A65B86AE
|
| 040 |
|
|
|a SNK
|b slo
|c SNK
|e AACR2
|
| 041 |
0 |
|
|a cze
|
| 044 |
|
|
|a xr
|c CZ
|
| 080 |
|
|
|a 908(437)(075.2)
|2 1981
|
| 245 |
0 |
0 |
|a Československá republika
|b uebnice vlastivĕdy pro 5. postupný ročník národních škol
|n Část první
|c zpracovali členové komise pro vlastivĕdu Výzkumného ústavu pedagogického J.A. Komenského v Praze
|
| 250 |
|
|
|a 1. vyd.
|
| 260 |
|
|
|a Praha
|b Státní nakladatelství
|c 1949
|e Praha
|f Státní nakladatelství
|
| 300 |
|
|
|a 99, [1] s.
|c 8°
|
| 366 |
|
|
|e 110000 výtl.
|
| 650 |
0 |
7 |
|a vlastiveda
|2 SNKPH
|9 3887
|
| 651 |
|
7 |
|a Československo
|2 SNKPHgeo
|9 21376
|
| 655 |
|
7 |
|a učebnice základných škôl
|2 SNKPH
|9 70187
|
| 852 |
|
|
|a Slovenská národná knižnica
|
| 958 |
|
|
|a OND
|
| 999 |
|
|
|c 684331
|d 686261
|
| 952 |
|
|
|a SNK
|b SNK
|y VYP
|7 0
|p 17A0616901
|o snkSD 6520/1 D1
|i snkF 1066/52
|8 5
|3 rekatalogizácia
|0 0
|1 0
|4 0
|d 2009-05-26
|l 0
|r 2026-02-23 20:08:00
|w 2026-02-23
|
| 952 |
|
|
|a SNK
|b SNK
|y PREZ
|7 0
|p 17A0912542
|o snkSD 6520/1
|i snk6526/49
|0 0
|1 0
|4 0
|d 2019-03-19
|f 1
|l 0
|r 2025-11-14 00:00:00
|w 2026-02-23
|
| 952 |
|
|
|a SNK
|b SNK
|y PREZ
|7 0
|p 17A0909167
|o snkSD 6691/1
|i snk3633/50
|z Dotlač k 1. vydaniu z roku 1949
|0 0
|1 0
|4 0
|d 2019-04-29
|f 1
|l 0
|r 2025-11-14 00:00:00
|w 2026-02-23
|